World Capitals by First Letter - Statistics

General Stats
  • This quiz has been taken 76 times
  • The average score is 16 of 33
Answer Stats
Country Capital City % Correct
Luxembourg Luxembourg
63%
Turkey Ankara
62%
Albania Tirana
59%
United Kingdom London
58%
Russia Moscow
58%
Iceland Reykjavík
57%
South Korea Seoul
57%
Greece Athens
56%
Hungary Budapest
56%
San Marino San Marino
55%
Australia Canberra
54%
India New Delhi
54%
Argentina Buenos Aires
53%
Denmark Copenhagen
53%
Canada Ottawa
53%
Czech Republic Prague
53%
Japan Tokyo
53%
Iraq Baghdad
52%
Brazil Brasília
52%
Portugal Lisbon
52%
Sweden Stockholm
52%
United States Washington D.C.
52%
Monaco Monaco
51%
Egypt Cairo
50%
Indonesia Jakarta
50%
Ukraine Kyiv
50%
Romania Bucharest
49%
Norway Oslo
48%
Croatia Zagreb
48%
Finland Helsinki
47%
Peru Lima
46%
Singapore Singapore
46%
Poland Warsaw
46%
Netherlands Amsterdam
45%
Germany Berlin
45%
Switzerland Bern
45%
Ireland Dublin
45%
Mexico Mexico City
45%
Italy Rome
45%
Vatican City Vatican City
45%
Austria Vienna
45%
Belgium Brussels
42%
Spain Madrid
42%
Bulgaria Sofia
42%
China Beijing
41%
Israel Jerusalem
41%
Thailand Bangkok
40%
Cuba Havana
38%
Iran Tehran
38%
France Paris
35%
Belarus Minsk
33%
No matching quizzes found
Score Distribution
Percent of People with Each Score
Percentile by Number Answered
Your Score History
You have not taken this quiz